| 000 | 00728cam a22002531 4500 | ||
|---|---|---|---|
| 001 | 18514 | ||
| 003 | BD-RjUL | ||
| 005 | 20211209000309.0 | ||
| 008 | 140220s1941 nyu 000 0 eng | ||
| 035 | _a(BD-RjUL)18572 | ||
| 035 | _a(OCoLC)925312 | ||
| 040 |
_aDLC _cPPT _dOCoLC _dDLC _dBD-RjUL _beng |
||
| 041 | _aeng | ||
| 082 |
_a821.91 _bNOS |
||
| 100 | 1 |
_aNoyes, Alfred, _d1880-1958. _957054 |
|
| 245 | 1 | 0 | _aShadows on the down and other poems / |
| 260 |
_aNew York ; _aToronto : _bFrederick A. Stokes Company, _cc1941. |
||
| 300 |
_avii p., 1 l., 110 p. ; _c21 cm. |
||
| 500 | _aAt head of title: By Alfred Noyes. | ||
| 650 |
_aPoem _955399 |
||
| 942 |
_2ddc _cBK |
||
| 999 |
_c18514 _d18514 |
||